[Event "Let's Play Chess!"]
[Site "http://www.queenalice.com/game.php?id=563345"]
[Date "2009.3.28"]
[Round "-"]
[White "Jhonatan"]
[Black "spawnwolfwolverine"]
[Result "0-1"]
[WhiteElo "1435"]
[BlackElo "1677"]

1. e4 e5 2. Nf3 d6 3. d4 exd4 4. Qxd4 Bd7 5. e5 Nc6 6. Qc3 dxe5 7. Bc4 Bb4 8.
Bxf7+ Kxf7 9. Nxe5+ Nxe5 10. Qxb4 Nc6 11. Qxb7 Qe7+ 12. Be3 Nf6 13. O-O Rac8 14.
Qb3+ Qe6 15. c4 Rb8 16. Qc3 h6 0-1

[Event "Let's Play Chess!"]
[Site "http://www.queenalice.com/game.php?id=563351"]
[Date "2009.3.28"]
[Round "-"]
[White "Jhonatan"]
[Black "iliov2008"]
[Result "0-1"]
[WhiteElo "1426"]
[BlackElo "1428"]

1. e4 e6 2. Nf3 Nf6 3. Nc3 Bc5 4. d4 Bb6 5. e5 Ng4 6. Ng5 f6 7. exf6 Qxf6 8.
Qxg4 Bxd4 9. Nce4 Qe5 10. Be2 Bxb2 11. Nf3 Qa5+ 12. Bd2 Qb6 13. Rb1 d5 14. Neg5
Ke7 15. O-O e5 16. Bb4+ c5 17. Ne6 Bxe6 18. Qxg7+ Kd6 19. Bc3 Rg8 20. Qxe5+ Ke7
21. Rxb2 Qc6 22. Qf6+ Kd6 23. Be5+ Kd7 24. Bb5 Rg6 25. Bxc6+ Nxc6 26. Rxb7+ Kc8
27. Rc7+ Kb8 0-1

[Event "Let's Play Chess!"]
[Site "http://www.queenalice.com/game.php?id=563356"]
[Date "2009.3.28"]
[Round "-"]
[White "guilherme3791"]
[Black "Jhonatan"]
[Result "0-1"]
[WhiteElo "1357"]
[BlackElo "1410"]

1. e4 d5 2. Nc3 d4 3. Nb5 Nc6 4. Nf3 e5 5. g3 Nf6 6. Bg2 Nxe4 7. O-O Bb4 8. h3
O-O 9. a3 Bc5 10. c3 d3 11. Nh4 f5 12. b4 Bb6 13. c4 Bd4 14. Nxf5 Bxf5 15. Qh5
Bxa1 16. f3 Nxg3 17. Nxc7 Qxc7 18. Qg5 Ne2+ 19. Kf2 Bd4+ 20. Ke1 Nxc1 21. Rg1
Rae8 22. f4 exf4+ 23. Kd1 Na2 24. Bxc6 Qxc6 25. b5 Qf3# 0-1

[Event "Let's Play Chess!"]
[Site "http://www.queenalice.com/game.php?id=563358"]
[Date "2009.3.28"]
[Round "-"]
[White "Jhonatan"]
[Black "hipus"]
[Result "0-1"]
[WhiteElo "1418"]
[BlackElo "2073"]

1. Nf3 g6 2. e4 Bg7 3. Bc4 e6 4. O-O Ne7 5. d4 d6 6. d5 e5 7. Ng5 h6 8. Nxf7
Kxf7 9. Qf3+ Kg8 10. Nc3 a6 11. Qg3 Kh7 12. f4 exf4 0-1

[Event "Let's Play Chess!"]
[Site "http://www.queenalice.com/game.php?id=563359"]
[Date "2009.3.28"]
[Round "-"]
[White "zemaria"]
[Black "Jhonatan"]
[Result "1-0"]
[WhiteElo "1827"]
[BlackElo "1422"]

1. e4 Nc6 2. d4 e5 3. d5 Nd4 4. c3 Bc5 5. cxd4 exd4 6. Nd2 d6 7. Nb3 Nf6 8. Qd3
O-O 9. Nxd4 Re8 10. Bg5 Qd7 11. Bxf6 Bb4+ 12. Kd1 Qg4+ 13. f3 Qg6 14. Bh4 c5 15.
Nc2 Ba5 16. Ne2 f5 17. Nc3 Qh5 18. Bg3 fxe4 19. Nxe4 Bf5 20. Be2 a6 21. Bxd6
Rac8 22. g4 Bxe4 23. Qa3 1-0

[Event "Let's Play Chess!"]
[Site "http://www.queenalice.com/game.php?id=563366"]
[Date "2009.3.28"]
[Round "-"]
[White "Jhonatan"]
[Black "PROFALEXANDRE"]
[Result "0-1"]
[WhiteElo "1424"]
[BlackElo "1673"]

1. e4 e5 2. Nf3 d6 3. Bc4 Nf6 4. Ng5 Be6 5. Bxe6 fxe6 6. O-O Qe7 7. c4 h6 8. Nh3
Nxe4 9. d3 Nf6 10. f4 e4 11. f5 exf5 12. Rxf5 exd3 13. Nc3 g6 14. Rf3 Kd8 15.
Qxd3 Qg7 16. Nf4 h5 0-1

[Event "Let's Play Chess!"]
[Site "http://www.queenalice.com/game.php?id=563657"]
[Date "2009.3.29"]
[Round "-"]
[White "pauldavidkrewson"]
[Black "Jhonatan"]
[Result "1-0"]
[WhiteElo "1488"]
[BlackElo "1416"]

1. e4 e5 2. d3 d5 3. Nf3 Nc6 4. Nc3 dxe4 5. dxe4 Qxd1+ 6. Nxd1 Nf6 7. Bd3 Bc5 8.
O-O O-O 9. Be3 Bd6 10. c4 b6 11. Nc3 Nb4 12. Rad1 Be6 13. b3 Nh5 14. h3 a5 15.
a3 Nc6 16. a4 f5 17. exf5 Bxf5 18. Nh4 Bxd3 19. Rxd3 1-0

[Event "Let's Play Chess!"]
[Site "http://www.queenalice.com/game.php?id=563690"]
[Date "2009.3.29"]
[Round "-"]
[White "charles31"]
[Black "Jhonatan"]
[Result "1-0"]
[WhiteElo "1699"]
[BlackElo "1429"]

1. c4 e5 2. Nc3 Nf6 3. Nf3 Nc6 4. e4 Bc5 5. d3 Ng4 6. Be3 Bxe3 7. fxe3 Nxe3 8.
Qe2 Ng4 9. h3 Nf6 10. Qe3 O-O 11. g4 a6 12. g5 Nh5 13. h4 Nf4 14. O-O-O f6 15.
gxf6 Rxf6 16. d4 Qe8 17. d5 Nb4 18. a3 Na2+ 19. Nxa2 1-0

[Event "Let's Play Chess!"]
[Site "http://www.queenalice.com/game.php?id=563713"]
[Date "2009.3.29"]
[Round "-"]
[White "jnable"]
[Black "Jhonatan"]
[Result "1-0"]
[WhiteElo "2021"]
[BlackElo "1424"]

1. d4 Nf6 2. c4 d5 3. e3 Nc6 4. Nc3 e5 5. dxe5 Nxe5 6. cxd5 Bb4 7. Qa4+ c6 8.
Qxb4 a5 9. Qa4 b5 10. Qc2 b4 11. Ne4 Nxd5 12. f4 Ng4 13. Qxc6+ Bd7 14. Qxd5 O-O
15. Nf3 Qe7 16. Bd3 Be6 17. Qg5 Qd7 18. Nd4 1-0

[Event "Let's Play Chess!"]
[Site "http://www.queenalice.com/game.php?id=563715"]
[Date "2009.3.29"]
[Round "-"]
[White "Jhonatan"]
[Black "jnable"]
[Result "0-1"]
[WhiteElo "1420"]
[BlackElo "2021"]

1. e4 e5 2. Nf3 Nf6 3. d4 exd4 4. Qxd4 Nc6 5. Qc4 d5 6. exd5 Nxd5 7. Be2 Be6 8.
O-O Bd6 9. Qb5 Nb6 10. Bg5 Qd7 11. Nc3 O-O 12. a4 a6 13. Qd3 h6 0-1

[Event "Let's Play Chess!"]
[Site "http://www.queenalice.com/game.php?id=563718"]
[Date "2009.3.29"]
[Round "-"]
[White "Jhonatan"]
[Black "charles31"]
[Result "0-1"]
[WhiteElo "1433"]
[BlackElo "1657"]

1. e4 e5 2. Nf3 d6 3. Bc4 Qf6 4. O-O h6 5. d4 exd4 6. Nxd4 Bd7 7. f4 Nc6 8. e5
Qe7 9. Nf5 Bxf5 10. exd6 Qxd6 11. Re1+ Be7 12. Qf3 Nf6 13. Qb3 Qc5+ 14. Be3 Nd4
15. Qa4+ Bd7 16. Bb5 Bxb5 17. Qa5 O-O 18. Na3 c6 19. Rad1 Rfd8 20. c4 b6 21. Qc3
Ng4 22. Bxd4 Qh5 23. cxb5 Bxa3 24. bxc6 Qxh2+ 25. Kf1 Qxf4+ 26. Kg1 Qh2+ 27. Kf1
Bc5 28. Be5 Qg1+ 29. Ke2 Qf2# 0-1

[Event "Let's Play Chess!"]
[Site "http://www.queenalice.com/game.php?id=563719"]
[Date "2009.3.29"]
[Round "-"]
[White "charles31"]
[Black "Jhonatan"]
[Result "0-1"]
[WhiteElo "1684"]
[BlackElo "1400"]

1. e4 e5 2. Nf3 d5 3. exd5 Qxd5 4. Nc3 Qe6 5. a3 Nf6 6. Bb5+ c6 7. Ba4 Bc5 8. h3
O-O 9. d3 e4 10. Ng5 Qf5 11. Ngxe4 Nxe4 12. Nxe4 Re8 13. Qe2 Bd4 14. c3 Bc5 15.
Bc2 b5 16. Nf6+ gxf6 17. d4 Rxe2+ 18. Kxe2 Qxc2+ 19. Kf3 Bd6 20. Bh6 f5 21. Rae1
Be6 22. Re2 Qd3+ 23. Re3 Bd5# 0-1

[Event "Challenge"]
[Site "http://www.queenalice.com/game.php?id=565300"]
[Date "2009.4.2"]
[Round "-"]
[White "Jhonatan"]
[Black "kabbal"]
[Result "0-1"]
[WhiteElo "1418"]
[BlackElo "1873"]

1. Nf3 d5 2. d4 Nf6 3. Nc3 g6 4. Bg5 Bg7 5. Bxf6 Bxf6 6. e4 dxe4 7. Nxe4 Bg7 8.
Bc4 O-O 9. O-O Nc6 10. c3 Bg4 11. Qd3 Na5 12. Bxf7+ Rxf7 13. Nfg5 Rf8 14. b4 h6
15. Ne6 Bxe6 16. bxa5 Qd5 17. Nc5 Bf5 18. Qe3 b6 19. axb6 axb6 20. Nb3 e5 21.
Rad1 Rxa2 22. Nc1 Ra1 23. dxe5 Qxe5 24. Qd2 Qxc3 25. Qd5+ Kh7 26. Na2 Qc2 0-1